000 00798nam a22002417a 4500
005 20170124110125.0
010 _aB-192585
020 _c00.00
_a0070583277
035 _aB-192585
037 _bCen Lib/Ret
040 _aDPL
_bEN
082 _a658.4038
_bVAS
100 _aVashistha, Atul
_931347
245 _aThe offshore nation :
_cby Atul Vashistha [and] Aviansh Vashistha
_bthe rise of services globalization /
260 _bTata McGraw-Hill Publishing
_c2005
_aNew Delhi
270 _a7 West Patel Nagar
_bNew Delhi
_e110008
300 _axix,296p. :
_c22cm(Hb)
_bill.
500 _aIncludes index
650 _aService industries -- Marketing
_931348
650 _aContracting out
_926047
700 _aVashistha, Avinash
_931349
942 _2ddc
_cEN
_h658.4038
_mVAS
999 _c131277
_d131277